000 00831nam a2200265Ia 4500
003 GCL
005 20240530102340.0
008 140319s9999 xx 000 0 ara d
040 _aGCL /
_cGCL
082 0 4 _a939
_bق/ع ش
100 1 _aعبدالعزيز صالح
245 1 0 _aالشرق الادنى القديم /
_cعبدالعزيز صالح
260 _a[S.N] :
_bمكتبة الانجلوالمصرية ،
_c1990
300 _a670 ص
650 0 4 _aتاريخ
650 0 4 _aالشرق الاوسط
650 0 4 _aمصر القديمة
650 0 4 _aالحضارة الفرعونية
650 0 4 _aالاثار الفرعونية
650 0 4 _aالبابليون
650 0 4 _aالاشوريون
650 0 4 _aالشرق القديم
650 0 4 _aحضارة العراق القديمة
942 _2ddc
_cBK
999 _c31611
_d31611